Central Library OPAC University of Rajshahi

আন্দামান বন্দীর আত্মকাহিনী / (Record no. 42988)

MARC details
000 -LEADER
fixed length control field 00890nam a2200229 a 4500
001 - CONTROL NUMBER
control field 42988
003 - CONTROL NUMBER IDENTIFIER
rucl marc code BD-RjUL
005 - DATE AND TIME OF LATEST TRANSACTION
control field 20211209053628.0
008 - FIXED-LENGTH DATA ELEMENTS--GENERAL INFORMATION
fixed length control field 160618s1963 bg ||||| |||| 00| 0 ben d
020 ## - INTERNATIONAL STANDARD BOOK NUMBER
Terms of availability : PRs. 2.62
035 ## - SYSTEM CONTROL NUMBER
System control number (BD-RjUL)43106
040 ## - CATALOGING SOURCE
Original cataloging agency BD-RjUL
Language of cataloging eng
Transcribing agency BD-RjUL
041 ## - LANGUAGE CODE
Language code of text/sound track or separate title eng
082 ## - DEWEY DECIMAL CLASSIFICATION NUMBER
Edition number 23
Classification number 954.03
Author mark and year THA 1963
100 ## - MAIN ENTRY--PERSONAL NAME
Personal name থানেশ্বরী, মুহম্মদ জাফর
9 (RLIN) 132012
245 10 - TITLE STATEMENT
Title আন্দামান বন্দীর আত্মকাহিনী /
Statement of responsibility, etc. মুহম্মদ জাফর থানেশ্বরী
260 ## - PUBLICATION, DISTRIBUTION, ETC. (IMPRINT)
Place of publication, distribution, etc. ঢাকা :
Name of publisher, distributor, etc. বাঙলা একাডেমী,
Date of publication, distribution, etc. ১৯৬৩ (১৩৬৯)
300 ## - PHYSICAL DESCRIPTION
Pagination [৮], ৮৯ পৃ. ;
Size ২৩ সেমি.
650 ## - SUBJECT ADDED ENTRY--TOPICAL TERM
Topical term or geographic name as entry element ভারত
General subdivision ইতিহাস
Chronological subdivision ১৯ শতক
9 (RLIN) 132013
Topical term or geographic name as entry element India
General subdivision History
Chronological subdivision 19th century
9 (RLIN) 132014
942 ## - ADDED ENTRY ELEMENTS (KOHA)
Source of classification or shelving scheme Dewey Decimal Classification
Koha item type Books
Holdings
Lost status Source of classification or shelving scheme Damaged status Not for loan Collection code Permanent Location Current Location Shelving location Date acquired Source of acquisition Cost, normal purchase price Total Checkouts Full call number Date last seen Copy number Koha item type
  Dewey Decimal Classification     Non-fiction Central Library, University of Rajshahi Central Library, University of Rajshahi   27/12/1966 Nowroze kitabistan, Dacca 2.60   B 954.03 THA 1963 18/06/2016 C-2 Books
  Dewey Decimal Classification     Non-fiction Central Library, University of Rajshahi Central Library, University of Rajshahi   10/02/1965 Ideal, Library 2.62   B 954.03 THA 1963 16/07/2016 C-3 Books
  Dewey Decimal Classification     Non-fiction Central Library, University of Rajshahi Central Library, University of Rajshahi   10/02/1965 Ideal, Library 2.62   B 954.03 THA 1963 18/07/2016 C-4 Books
  Dewey Decimal Classification     Non-fiction Central Library, University of Rajshahi Central Library, University of Rajshahi   10/02/1965 Ideal, Library 2.62   B 954.03 THA 1963 18/07/2016 C-5 Books
  Dewey Decimal Classification     Non-fiction Central Library, University of Rajshahi Central Library, University of Rajshahi   10/02/1965 Ideal Library, Dhaka 2.62   B 954.03 THA 1963 19/07/2016 C-6 Books
  Dewey Decimal Classification     Non-fiction Central Library, University of Rajshahi Central Library, University of Rajshahi   10/02/1965 Ideal Library, Dhaka 2.62   B 954.03 THA 1963 19/07/2016 C-7 Books